[Event "4NCL 3 South pool B"]
[Site "Bedford, ENG"]
[Date "2019.01.12"]
[Round "3.81"]
[White "Gibbs, Dominic V"]
[Black "Forster, Matthew"]
[Result "0-1"]
[WhiteElo "1959"]
[BlackElo "2042"]
[PlyCount "88"]
[EventDate "2019.01.12"]
[WhiteTeam "Iceni 2"]
[BlackTeam "Sussex Martlets 2"]

1. e4 c5 2. c3 d5 3. exd5 Qxd5 4. d4 g6 5. Nf3 Bg7 6. Na3 cxd4 7. Bc4 Qe4+ 8.
Be3 Nh6 9. cxd4 O-O 10. Nb5 Nf5 11. Bd3 Qd5 12. O-O Na6 13. Qe2 Bd7 14. Bc4
Bxb5 15. Bxb5 Nc7 16. Bc4 Qd6 17. Rad1 Rad8 18. d5 a6 19. Bc1 Rd7 20. Ng5 b5
21. Bb3 Nd4 22. Qg4 h5 23. Qh3 Nxd5 24. Rfe1 Nxb3 25. Qxb3 Rfd8 26. a3 Qc6 27.
Bd2 e6 28. Rc1 Qb7 29. Ba5 Nf4 30. f3 Qa7+ 31. Kh1 Nd3 32. Nh3 Nxc1 33. Rxc1
Re8 34. Be1 Qd4 35. Bc3 Qd5 36. Qc2 Bxc3 37. Qxc3 Red8 38. Ng1 Qd4 39. Qb3 Qf2
40. Nh3 Qb6 41. Qc2 Rd2 42. Qb1 Qd4 43. Rg1 Rxb2 44. Qe1 Rd2 0-1

[Event "4NCL 3 South pool B"]
[Site "Bedford, ENG"]
[Date "2019.01.12"]
[Round "3.82"]
[White "Salmons, Calum"]
[Black "Feavyour, John A"]
[Result "1-0"]
[WhiteElo "2087"]
[BlackElo "1988"]
[PlyCount "93"]
[EventDate "2019.01.12"]
[WhiteTeam "Sussex Martlets 2"]
[BlackTeam "Iceni 2"]

1. e4 c5 2. Nf3 d6 3. d4 cxd4 4. Nxd4 Nf6 5. Nc3 a6 6. f3 e5 7. Nb3 Be7 8. Be3
Be6 9. Qd2 O-O 10. O-O-O Nbd7 11. Nd5 Nxd5 12. exd5 Bf5 13. g4 Bg6 14. h4 Rc8
15. Bd3 Bxd3 16. Qxd3 Qc7 17. Rh2 Qc4 18. Qf5 Rc7 19. g5 g6 20. Qh3 Rfc8 21. h5
Nf8 22. hxg6 fxg6 23. f4 Qe4 24. c3 Rxc3+ 25. bxc3 Rxc3+ 26. Kb2 Rxe3 27. Qc8
Qxf4 28. Rdh1 Kg7 29. Qxb7 Qxg5 30. Rc1 Rf3 31. Rc7 Rf7 32. Nd2 e4 33. Re2 e3
34. Nc4 Kg8 35. Kb3 Qf6 36. Rxe3 Bd8 37. Rxf7 Qxf7 38. Qxf7+ Kxf7 39. Nxd6+ Kg7
40. Rf3 Kg8 41. Nb7 Bh4 42. Nc5 a5 43. d6 Bd8 44. Kc4 g5 45. d7 Ng6 46. Re3 Kf7
47. Nb7 1-0

[Event "4NCL 3 South pool B"]
[Site "Bedford, ENG"]
[Date "2019.01.12"]
[Round "3.83"]
[White "Somton, Anita"]
[Black "Higgs, Anthony R J"]
[Result "1/2-1/2"]
[WhiteElo "1952"]
[BlackElo "2027"]
[PlyCount "79"]
[EventDate "2019.01.12"]
[WhiteTeam "Iceni 2"]
[BlackTeam "Sussex Martlets 2"]

1. d4 Nf6 2. Nf3 b6 3. g3 Bb7 4. Bg2 e6 5. O-O Be7 6. c4 O-O 7. Nc3 d5 8. Ne5
Ne4 9. cxd5 Nxc3 10. bxc3 Bxd5 11. e4 Bb7 12. Be3 Nd7 13. f4 Nf6 14. Qc2 c5 15.
dxc5 Bxc5 16. Bxc5 bxc5 17. g4 Qc7 18. g5 Nd7 19. Ng4 Rae8 20. Rab1 Ba6 21. Rf3
e5 22. f5 Rb8 23. Rd1 f6 24. g6 hxg6 25. fxg6 Rfd8 26. Ne3 Nb6 27. Nd5 Nxd5 28.
exd5 Bc8 29. Qe4 Kf8 30. Qh4 Be6 31. Qh8+ Bg8 32. Bh3 Rb6 33. Bf1 e4 34. Rg3 c4
35. Rd4 Qc5 36. Kh1 Rb1 37. Rg1 Rd6 38. Rxc4 Qxd5 39. Rc8+ Rd8 40. Rxd8+
1/2-1/2

[Event "4NCL 3 South pool B"]
[Site "Bedford, ENG"]
[Date "2019.01.12"]
[Round "3.84"]
[White "Batchelor, Paul A"]
[Black "Lewis, Stephen"]
[Result "1-0"]
[WhiteElo "2012"]
[BlackElo "1967"]
[PlyCount "113"]
[EventDate "2019.01.12"]
[WhiteTeam "Sussex Martlets 2"]
[BlackTeam "Iceni 2"]

1. d4 Nf6 2. c4 e5 3. dxe5 Ng4 4. Bf4 Bb4+ 5. Nd2 Nc6 6. Ngf3 Qe7 7. a3 Bxd2+
8. Qxd2 Ngxe5 9. Nxe5 Nxe5 10. Qc3 f6 11. e3 b6 12. Be2 Bb7 13. O-O d6 14. b4
Nd7 15. Rfd1 O-O 16. Rac1 g5 17. Bg3 f5 18. Qd2 Nf6 19. f3 Rae8 20. Bf2 d5 21.
Bd3 g4 22. cxd5 gxf3 23. gxf3 Bxd5 24. Bc4 Bxc4 25. Rxc4 Rd8 26. Rd4 Rxd4 27.
Qxd4 Ne8 28. Kh1 Rf7 29. Bg3 Qe6 30. Bf4 Qc6 31. Qd5 Qxd5 32. Rxd5 Nf6 33. Rd8+
Rf8 34. Rxf8+ Kxf8 35. Bxc7 Nd5 36. Bb8 a6 37. Ba7 Nxe3 38. Bxb6 Nc4 39. Bc5+
Kf7 40. a4 Nb2 41. b5 axb5 42. axb5 Nc4 43. b6 Na5 44. Kg2 Ke6 45. Kg3 Ke5 46.
Be3 Nb7 47. Bf4+ Kf6 48. Bc1 Nc5 49. Be3 Nb7 50. Bd4+ Kg5 51. Be3+ Kf6 52. Kf4
Nd6 53. Bc5 Nb7 54. Bd4+ Ke6 55. Kg5 Kd5 56. Be3 Nd6 57. Bf4 1-0

[Event "4NCL 3 South pool B"]
[Site "Bedford, ENG"]
[Date "2019.01.12"]
[Round "3.85"]
[White "Szymanski, Mark"]
[Black "Graham, William M"]
[Result "0-1"]
[WhiteElo "1848"]
[BlackElo "2027"]
[PlyCount "34"]
[EventDate "2019.01.12"]
[WhiteTeam "Iceni 2"]
[BlackTeam "Sussex Martlets 2"]

1. c4 Nf6 2. g3 g6 3. Bg2 Bg7 4. Nc3 O-O 5. d3 d6 6. e4 e5 7. Nge2 c5 8. O-O
Nc6 9. h3 Ne8 10. Be3 Nc7 11. Qd2 Ne6 12. f4 Ned4 13. Nd5 Rb8 14. Rf2 exf4 15.
Bxf4 b5 16. Bg5 Nxe2+ 17. Qxe2 Qxg5 0-1

[Event "4NCL 3 South pool B"]
[Site "Bedford, ENG"]
[Date "2019.01.12"]
[Round "3.86"]
[White "Bennet-Stevens, Lucy"]
[Black "Lightfoot, Malcolm J"]
[Result "1-0"]
[WhiteElo "1967"]
[BlackElo "1846"]
[PlyCount "59"]
[EventDate "2019.01.12"]
[WhiteTeam "Sussex Martlets 2"]
[BlackTeam "Iceni 2"]

1. e4 c5 2. Nf3 d6 3. Bb5+ Bd7 4. Bxd7+ Qxd7 5. O-O Nc6 6. d3 g6 7. Nbd2 Bg7 8.
Re1 e5 9. Nf1 Nge7 10. c3 O-O 11. Ng3 d5 12. Be3 d4 13. cxd4 Nxd4 14. Nxd4 cxd4
15. Bd2 Kh8 16. f4 exf4 17. Bxf4 f5 18. Rc1 fxe4 19. Rxe4 Nd5 20. Be5 Bxe5 21.
Rxe5 Ne3 22. Qd2 Rac8 23. Re4 Rxc1+ 24. Qxc1 Rc8 25. Qb1 Rc2 26. Rxe3 Qc6 27.
Qf1 Rxg2+ 28. Qxg2 Qc1+ 29. Nf1 dxe3 30. Qf3 1-0

[Event "4NCL 3 South pool B"]
[Site "Bedford, ENG"]
[Date "2019.01.13"]
[Round "4.51"]
[White "Davison, Chris"]
[Black "Josse, Mark"]
[Result "1/2-1/2"]
[WhiteElo "2045"]
[BlackElo "2191"]
[PlyCount "26"]
[EventDate "2019.01.13"]
[WhiteTeam "Poisoned Pawns 1"]
[BlackTeam "The Rookies"]

1. Nf3 d5 2. d3 Nf6 3. g3 c5 4. Bg2 Nc6 5. O-O e6 6. c4 Be7 7. cxd5 exd5 8. d4
c4 9. Nc3 O-O 10. Ne5 h6 11. e4 dxe4 12. Nxc6 bxc6 13. Nxe4 Nxe4 1/2-1/2

[Event "4NCL 3 South pool B"]
[Site "Bedford, ENG"]
[Date "2019.01.13"]
[Round "4.52"]
[White "Burrows, Martin P"]
[Black "Clark, Kevin R"]
[Result "1/2-1/2"]
[WhiteElo "2156"]
[BlackElo "2104"]
[PlyCount "62"]
[EventDate "2019.01.13"]
[WhiteTeam "The Rookies"]
[BlackTeam "Poisoned Pawns 1"]

1. e4 e5 2. Nf3 Nf6 3. Nxe5 d6 4. Nf3 Nxe4 5. Nc3 Nxc3 6. dxc3 Be7 7. Bf4 Be6
8. Qd2 Nd7 9. Nd4 Nf6 10. Nxe6 fxe6 11. O-O-O Qd7 12. Kb1 O-O-O 13. Bd3 Kb8 14.
Rhe1 e5 15. Be3 Nd5 16. c4 Nxe3 17. Qxe3 Bf6 18. Be4 c6 19. Rd3 Qc7 20. Red1 g6
21. Ra3 a6 22. Rb3 Rhf8 23. f3 Rf7 24. g4 Rfd7 25. Rbd3 Qa5 26. g5 Be7 27. c3
Rf8 28. h4 Rf4 29. Qf2 Qd8 30. R3d2 Qg8 31. b3 Qd8 1/2-1/2

[Event "4NCL 3 South pool B"]
[Site "Bedford, ENG"]
[Date "2019.01.13"]
[Round "4.53"]
[White "Hutchinson, Norman A"]
[Black "Byron, Alan M"]
[Result "0-1"]
[WhiteElo "2050"]
[BlackElo "2157"]
[PlyCount "82"]
[EventDate "2019.01.13"]
[WhiteTeam "Poisoned Pawns 1"]
[BlackTeam "The Rookies"]

1. e4 c6 2. d4 d5 3. e5 Bf5 4. c3 e6 5. Be3 Nd7 6. Nd2 c5 7. f4 c4 8. b3 b5 9.
a4 a6 10. Be2 b4 11. Qc1 Qa5 12. cxb4 Bxb4 13. bxc4 dxc4 14. Kf2 c3 15. Nc4 Qc7
16. Nf3 Ne7 17. Ne1 O-O 18. Nc2 a5 19. N2a3 Nd5 20. Nb5 Qc6 21. Ncd6 f6 22.
Nxf5 exf5 23. Bf3 N7b6 24. Re1 Rad8 25. Qc2 g6 26. g3 fxe5 27. fxe5 Qe6 28. Bh6
Rf7 29. Qa2 f4 30. gxf4 Qh3 31. Bg5 Be7 32. Bxd5 Nxd5 33. Nd6 Qxh2+ 34. Kf3
Qh3+ 35. Ke4 Rxd6 36. exd6 Qf5+ 37. Kf3 Bxg5 38. Qe2 Qh3+ 39. Ke4 Qf5+ 40. Kf3
Qh3+ 41. Kf2 Bh4+ 0-1

[Event "4NCL 3 South pool B"]
[Site "Bedford, ENG"]
[Date "2019.01.13"]
[Round "4.54"]
[White "Jones, Christopher M"]
[Black "Kemp, Paul R"]
[Result "1/2-1/2"]
[WhiteElo "2110"]
[BlackElo "2022"]
[PlyCount "204"]
[EventDate "2019.01.13"]
[WhiteTeam "The Rookies"]
[BlackTeam "Poisoned Pawns 1"]

1. e4 c6 2. Nc3 d5 3. Nf3 Bg4 4. h3 Bxf3 5. Qxf3 Nf6 6. e5 Nfd7 7. d4 e6 8. Qg3
c5 9. dxc5 Nc6 10. Bb5 Qc7 11. O-O g6 12. Bf4 Bg7 13. Rfe1 Ne7 14. Qd3 Qxc5 15.
Ne4 Qc7 16. Nd6+ Kf8 17. Qa3 a6 18. Re3 Rd8 19. Rc3 Qb8 20. Bxd7 Rxd7 21. Nc8
Ke8 22. Nd6+ Kf8 23. Nc8 Ke8 24. Nxe7 Rxe7 25. Qc5 Rd7 26. Bg5 f6 27. Bxf6 Bxf6
28. exf6 Kf7 29. Re1 Re8 30. Qd4 e5 31. Qh4 Kg8 32. Qg5 e4 33. h4 Re5 34. Rc8+
Qxc8 35. Qxe5 Kf7 36. c3 Qc6 37. Rd1 Qxf6 38. Rxd5 Qxe5 39. Rxe5 Rd1+ 40. Kh2
Re1 41. b4 Re2 42. Kg3 Kf6 43. Re8 h5 44. a4 Kf5 45. Re7 b6 46. Rf7+ Ke5 47.
Rc7 Rd2 48. Re7+ Kf5 49. f3 Rd3 50. Rxe4 Rxc3 51. Re8 Rc4 52. Ra8 Rxb4 53. Rxa6
Rb2 54. a5 bxa5 55. Rxa5+ Kf6 56. Kh3 Rb3 57. Ra4 Rc3 58. Kg3 Rc2 59. Re4 Ra2
60. Kh3 Ra3 61. Rf4+ Kg7 62. Kg3 Ra2 63. Kh3 Ra3 64. g4 hxg4+ 65. Kxg4 Ra5 66.
Rc4 Rb5 67. f4 Ra5 68. Rc3 Rb5 69. Ra3 Rb1 70. Rg3 Rb5 71. Rg1 Ra5 72. Rd1 Rb5
73. Kf3 Rh5 74. Rd7+ Kf6 75. Kg4 Ra5 76. Rd8 Rb5 77. Re8 Rb1 78. Rg8 Rg1+ 79.
Kf3 Ra1 80. Rf8+ Kg7 81. Rd8 Ra5 82. Re8 Ra1 83. Re5 Rh1 84. Kg3 Rg1+ 85. Kh3
Rf1 86. Re4 Kf6 87. Kg2 Ra1 88. Rb4 Ra3 89. Rb5 Rc3 90. h5 gxh5 91. Rxh5 Ra3
92. Re5 Rb3 93. Kf2 Ra3 94. Re3 Rxe3 95. Kxe3 Kf5 96. Kf3 Kf6 97. Kg4 Kg6 98.
f5+ Kf6 99. Kf4 Kf7 100. Ke5 Ke7 101. f6+ Kf7 102. Kf5 Kf8 1/2-1/2

[Event "4NCL 3 South pool B"]
[Site "Bedford, ENG"]
[Date "2019.01.13"]
[Round "4.55"]
[White "McCorry, Robert T"]
[Black "Compton, Alistair"]
[Result "1-0"]
[WhiteElo "2008"]
[BlackElo "2049"]
[PlyCount "57"]
[EventDate "2019.01.13"]
[WhiteTeam "Poisoned Pawns 1"]
[BlackTeam "The Rookies"]

1. d4 d5 2. c4 e6 3. Nc3 c5 4. cxd5 exd5 5. Nf3 Nc6 6. dxc5 d4 7. Na4 Bxc5 8.
Nxc5 Qa5+ 9. Bd2 Qxc5 10. Rc1 Qb6 11. e3 dxe3 12. Bxe3 Qxb2 13. Bc4 Qb4+ 14.
Nd2 Be6 15. Bxe6 fxe6 16. Qh5+ g6 17. Qh3 Qd6 18. O-O Rd8 19. Ne4 Qe5 20. Nc5
Nge7 21. Nxe6 Rd3 22. Rfd1 Rxd1+ 23. Rxd1 Nf5 24. Ng5 h6 25. Nf3 Qg7 26. Bc5 b6
27. Re1+ Kf7 28. Ba3 Re8 29. Ng5+ 1-0

[Event "4NCL 3 South pool B"]
[Site "Bedford, ENG"]
[Date "2019.01.13"]
[Round "4.56"]
[White "Jaszkiwskyj, Peter"]
[Black "McMahon, Paul"]
[Result "0-1"]
[WhiteElo "1947"]
[BlackElo "1907"]
[PlyCount "112"]
[EventDate "2019.01.13"]
[WhiteTeam "The Rookies"]
[BlackTeam "Poisoned Pawns 1"]

1. d4 Nf6 2. c4 d6 3. Bf4 Nbd7 4. Nf3 c5 5. d5 g6 6. Nc3 Bg7 7. h3 O-O 8. Qd2
Re8 9. Bh6 Nb6 10. Bxg7 Kxg7 11. e3 e6 12. dxe6 Bxe6 13. b3 d5 14. cxd5 Nbxd5
15. Nxd5 Bxd5 16. Be2 Qe7 17. O-O Red8 18. Qc3 Kg8 19. Rac1 Ne4 20. Qe5 Qxe5
21. Nxe5 f6 22. Nd3 Rac8 23. Rfd1 b6 24. Nf4 Bf7 25. Ba6 Rxd1+ 26. Rxd1 Rc7 27.
Ne2 Kf8 28. f3 Ng5 29. Nf4 Ne6 30. Nd5 Rd7 31. Be2 f5 32. Kf2 Nc7 33. Nxc7 Rxc7
34. Bb5 Ke7 35. Kg3 Be8 36. Bxe8 Kxe8 37. Kf4 c4 38. bxc4 Rxc4+ 39. Ke5 Ke7 40.
Rd2 Rc5+ 41. Kf4 a5 42. g4 a4 43. gxf5 Rxf5+ 44. Ke4 b5 45. f4 Ke6 46. Rd4 Rh5
47. Rb4 Rxh3 48. Rxb5 Rh2 49. Rb6+ Kd7 50. Ra6 Rxa2 51. Ke5 a3 52. e4 h5 53.
Rxg6 h4 54. f5 h3 55. f6 Rf2 56. Rh6 a2 0-1

[Event "4NCL 3 South pool B"]
[Site "Bedford, ENG"]
[Date "2019.01.13"]
[Round "4.61"]
[White "Briscoe, Chris"]
[Black "Brown, Thomas"]
[Result "1/2-1/2"]
[WhiteElo "2211"]
[BlackElo "2076"]
[PlyCount "60"]
[EventDate "2019.01.13"]
[WhiteTeam "Surbiton"]
[BlackTeam "Rhyfelwyr Essyllwg"]

1. e4 g6 2. d4 Bg7 3. Nf3 d6 4. Nc3 c6 5. h3 Nf6 6. Bg5 b5 7. Bd3 b4 8. Ne2
Nbd7 9. O-O O-O 10. Qd2 c5 11. c3 bxc3 12. bxc3 cxd4 13. cxd4 Bb7 14. Nc3 Rc8
15. Rab1 Ba8 16. Rfe1 Nb6 17. Ba6 Rxc3 18. Bxf6 Rc7 19. Bxg7 Kxg7 20. d5 e5 21.
dxe6 fxe6 22. Nd4 Qf6 23. Kh1 e5 24. Nf3 d5 25. exd5 Nxd5 26. Qa5 Rc2 27. Bb7
Nc3 28. Qxa7 Rxa2 29. Qc5 $11 Nxb1 30. Rxb1 Bxb7 1/2-1/2

[Event "4NCL 3 South pool B"]
[Site "Bedford, ENG"]
[Date "2019.01.13"]
[Round "4.62"]
[White "Hewitt, William"]
[Black "Scott, David A"]
[Result "1/2-1/2"]
[WhiteElo "2016"]
[BlackElo "2143"]
[PlyCount "48"]
[EventDate "2019.01.13"]
[WhiteTeam "Rhyfelwyr Essyllwg"]
[BlackTeam "Surbiton"]

1. e4 e6 2. d4 d5 3. Nc3 Nf6 4. e5 Nfd7 5. f4 c5 6. Nf3 Nc6 7. Be3 Be7 8. Qd2
a6 9. dxc5 Nxc5 10. O-O-O Qa5 11. Kb1 b5 12. Bd3 Nxd3 13. cxd3 Bd7 14. h4 b4
15. Ne2 h5 16. Ned4 g6 17. Rc1 Nxd4 18. Nxd4 Kf8 19. Nf3 Kg7 20. Bd4 Rac8 21.
Rxc8 Rxc8 22. Rg1 Rh8 23. Rf1 Rc8 24. Rg1 Rh8 1/2-1/2

[Event "4NCL 3 South pool B"]
[Site "Bedford, ENG"]
[Date "2019.01.13"]
[Round "4.63"]
[White "Seymour, Timothy P"]
[Black "Heaven, Pete"]
[Result "1-0"]
[WhiteElo "2106"]
[BlackElo "2053"]
[PlyCount "41"]
[EventDate "2019.01.13"]
[WhiteTeam "Surbiton"]
[BlackTeam "Rhyfelwyr Essyllwg"]

1. d4 Nf6 2. Nf3 e6 3. e3 c5 4. c4 d5 5. a3 cxd4 6. exd4 dxc4 7. Bxc4 Nc6 8.
O-O Be7 9. Nc3 O-O 10. Re1 b6 11. d5 exd5 12. Nxd5 Nxd5 13. Qxd5 Bb7 14. Qh5
Qd6 15. Bg5 h6 16. Bxe7 Nxe7 17. Ne5 Qf6 18. Rad1 Bc8 19. Nxf7 g6 20. Qxh6 Ba6
21. Ng5+ 1-0

[Event "4NCL 3 South pool B"]
[Site "Bedford, ENG"]
[Date "2019.01.13"]
[Round "4.64"]
[White "Ralphs, Nigel"]
[Black "Shepherd, Paul D"]
[Result "1/2-1/2"]
[WhiteElo "1988"]
[BlackElo "2073"]
[PlyCount "39"]
[EventDate "2019.01.13"]
[WhiteTeam "Rhyfelwyr Essyllwg"]
[BlackTeam "Surbiton"]

1. d4 d5 2. c4 e6 3. Nc3 c5 4. cxd5 exd5 5. Nf3 Nc6 6. g3 Nf6 7. Bg2 Be7 8. O-O
O-O 9. dxc5 Bxc5 10. Bg5 d4 11. Bxf6 Qxf6 12. Ne4 Qe7 13. Nxc5 Qxc5 14. Rc1 Qb6
15. Rc2 Be6 16. b3 Rad8 17. Rd2 h6 18. Qa1 Rd7 19. Rfd1 Rfd8 20. Ne1 1/2-1/2

[Event "4NCL 3 South pool B"]
[Site "Bedford, ENG"]
[Date "2019.01.13"]
[Round "4.65"]
[White "Faulks, Nick"]
[Black "Van Kemenade, Rudy"]
[Result "1/2-1/2"]
[WhiteElo "1917"]
[BlackElo "1946"]
[PlyCount "109"]
[EventDate "2019.01.13"]
[WhiteTeam "Surbiton"]
[BlackTeam "Rhyfelwyr Essyllwg"]

1. e4 e5 2. f4 exf4 3. Bc4 f5 4. Qe2 Qh4+ 5. Kf1 fxe4 6. Qxe4+ Qe7 7. Nc3 Nf6
8. Qxf4 c6 9. Qc7 Qd8 10. Qxd8+ Kxd8 11. d4 d5 12. Bd3 Bd6 13. Bg5 Nbd7 14. Re1
Kc7 15. Nf3 Rf8 16. Ke2 h6 17. Bd2 Nh5 18. Kd1 Nf4 19. Bxf4 Bxf4 20. Re7 g5 21.
Rh7 Kb6 22. Rxh6 Nf6 23. h3 g4 24. hxg4 Bxh6 25. Rxh6 Bxg4 26. Kd2 Bxf3 27.
gxf3 Kc7 28. Ne2 Nd7 29. f4 Rf6 30. Rh7 Raf8 31. f5 R6f7 32. Rh2 Nf6 33. Nf4
Re8 34. Ne6+ Kd6 35. Rh6 Rg8 36. Nf4 Rg4 37. Ke3 Kd7 38. Ng6 Rg3+ 39. Ke2 Kd8
40. Rh8+ Kc7 41. Kf2 Rg5 42. Nf4 Rg8 43. Ne6+ Kd6 44. Rxg8 Nxg8 45. Kg3 Ke7 46.
Kf4 Kf6 47. a4 Rh7 48. b3 Ne7 49. Kg4 Rh1 50. Nc5 Rg1+ 51. Kf4 b6 52. Nd7+ Kf7
53. Ne5+ Kf6 54. Nd7+ Kf7 55. Ne5+ 1/2-1/2

[Event "4NCL 3 South pool B"]
[Site "Bedford, ENG"]
[Date "2019.01.13"]
[Round "4.66"]
[White "Trevelyan, John"]
[Black "Alcock, Graham P"]
[Result "1-0"]
[WhiteElo "1996"]
[BlackElo "1752"]
[PlyCount "99"]
[EventDate "2019.01.13"]
[WhiteTeam "Rhyfelwyr Essyllwg"]
[BlackTeam "Surbiton"]

1. e4 d5 2. Nc3 dxe4 3. Nxe4 e5 4. Bc4 Bf5 5. d3 Bxe4 6. dxe4 Qxd1+ 7. Kxd1 Nf6
8. f3 Be7 9. c3 O-O 10. Ne2 a6 11. a4 Nbd7 12. Kc2 Rfd8 13. g4 Ne8 14. Ng3 Nd6
15. Be2 a5 16. Rd1 Nb6 17. b3 h6 18. Be3 Ne8 19. Bb5 Nd6 20. c4 Nxb5 21. axb5
Nd7 22. Nf5 Kf8 23. Rd5 Nb6 24. Rxd8+ Bxd8 25. Bc5+ Kg8 26. Bxb6 cxb6 27. Ne3
Be7 28. Nd5 Bc5 29. b4 Bd4 30. Ra2 Kf8 31. Kd3 f6 32. Nc7 Rc8 33. Ne6+ Kf7 34.
Nxd4 exd4 35. bxa5 bxa5 36. Rxa5 Rd8 37. Ra7 Rd7 38. c5 Ke6 39. c6 bxc6 40.
Rxd7 Kxd7 41. bxc6+ Kxc6 42. Kxd4 Kd6 43. f4 Ke6 44. e5 g6 45. Ke4 Kf7 46. h4
Ke7 47. g5 fxg5 48. fxg5 hxg5 49. hxg5 Ke6 50. Kd4 1-0

[Event "4NCL 3 South pool B"]
[Site "Bedford, ENG"]
[Date "2019.01.13"]
[Round "4.71"]
[White "McKenna, Jason P"]
[Black "Gibbs, Dominic V"]
[Result "1/2-1/2"]
[WhiteElo "2072"]
[BlackElo "1959"]
[PlyCount "157"]
[EventDate "2019.01.13"]
[WhiteTeam "Oxford 2"]
[BlackTeam "Iceni 2"]

1. e4 c5 2. Nf3 d6 3. d4 cxd4 4. Nxd4 Nf6 5. Nc3 Nc6 6. Be2 e5 7. Nf3 h6 8. O-O
Be7 9. Re1 O-O 10. h3 a6 11. Bf1 b5 12. a4 b4 13. Nd5 Nxd5 14. exd5 Na5 15. Be3
Nb7 16. Qd2 a5 17. c3 bxc3 18. bxc3 Qc7 19. Bb5 Bf5 20. Bc6 Bd7 21. Bxd7 Qxd7
22. Reb1 f5 23. Rb5 f4 24. Bb6 Bd8 25. Bxd8 Rfxd8 26. Rab1 Nc5 27. Nxe5 dxe5
28. Rxc5 f3 29. Qe3 fxg2 30. Rcb5 Qf5 31. c4 Ra6 32. Re1 Rf8 33. Rb2 Raf6 34.
c5 Qh5 35. Qxe5 Qxh3 36. Qh2 Qc3 37. Rbe2 Qxc5 38. Qxg2 Rf5 39. Kf1 Qxd5 40.
Qxd5+ Rxd5 41. Re5 Rf5 42. Rxd5 Rxd5 43. Re8+ Kh7 44. Ra8 Kg6 45. Ra7 Kf6 46.
Ra6+ Kf5 47. Kg2 Kf4 48. Ra7 g6 49. Ra6 Rg5+ 50. Kh3 Ke4 51. Rf6 h5 52. f3+ Ke5
53. Ra6 Kf4 54. Rf6+ Rf5 55. Rxg6 Kxf3 56. Re6 Rf4 57. Re5 Rxa4 58. Rf5+ Ke3
59. Rxh5 Ra1 60. Rg5 a4 61. Rg3+ Kf4 62. Rg4+ Kf5 63. Rb4 Ke5 64. Kh2 Kd5 65.
Rg4 Ke5 66. Rb4 a3 67. Rb3 Kd4 68. Rg3 Ke4 69. Rb3 Kf4 70. Rb4+ Kf3 71. Ra4
Ra2+ 72. Kh3 Kf2 73. Ra8 Kg1 74. Rg8+ Kh1 75. Ra8 Rh2+ 76. Kg3 Rg2+ 77. Kf3 a2
78. Ke3 Kg1 79. Kd3 1/2-1/2

[Event "4NCL 3 South pool B"]
[Site "Bedford, ENG"]
[Date "2019.01.13"]
[Round "4.72"]
[White "Calvert, D Ian"]
[Black "Pozimski, Szymon"]
[Result "1/2-1/2"]
[WhiteElo "1917"]
[BlackElo "2014"]
[PlyCount "136"]
[EventDate "2019.01.13"]
[WhiteTeam "Iceni 2"]
[BlackTeam "Oxford 2"]

1. b3 Nf6 2. Bb2 e6 3. Nf3 b6 4. g3 Bb7 5. Bg2 d5 6. O-O Be7 7. c4 O-O 8. d3 c5
9. e3 Nc6 10. Ne5 Qc7 11. Nxc6 Bxc6 12. cxd5 Nxd5 13. Nc3 Rfd8 14. Nxd5 Bxd5
15. Qe2 Qb7 16. Bxd5 Rxd5 17. Rfd1 Rad8 18. d4 Qd7 19. e4 Rd6 20. d5 exd5 21.
Rxd5 Qe6 22. Rxd6 Rxd6 23. Rd1 Rxd1+ 24. Qxd1 Qxe4 25. Qd7 Bf8 26. Qd1 h6 27.
f3 Qe3+ 28. Kg2 Qe6 29. Qc2 Be7 30. a4 Qd6 31. Bc3 Qe6 32. Kf1 Qd5 33. Ke2 Bf8
34. Bd2 Qc6 35. Qd3 Qe6+ 36. Kd1 Qh3 37. Qe2 Qf5 38. Kc1 Qd5 39. Kc2 Qf5+ 40.
Kc1 Qc8 41. Kc2 a6 42. Bf4 Qb7 43. Qe8 Qd5 44. Qe2 Qa8 45. h4 Qc8 46. Qd3 Be7
47. Qe4 Bf6 48. Be5 Qe8 49. f4 b5 50. axb5 axb5 51. Qd5 Bxe5 52. fxe5 Qc8 53.
h5 c4 54. bxc4 bxc4 55. Kc3 Qg4 56. Qd8+ Kh7 57. Qd5 Qxg3+ 58. Kxc4 Qg4+ 59.
Kc5 Qxh5 60. Kd6 Qg6+ 61. Ke7 Qf5 62. Kf8 h5 63. Qd6 Qe6 64. Qd3+ Qg6 65. Qh3
Qg4 66. Qd3+ Qg6 67. Qh3 Kh6 68. Qe3+ Kh7 1/2-1/2

[Event "4NCL 3 South pool B"]
[Site "Bedford, ENG"]
[Date "2019.01.13"]
[Round "4.73"]
[White "Cole, James"]
[Black "Somton, Anita"]
[Result "1-0"]
[WhiteElo "1990"]
[BlackElo "1952"]
[PlyCount "51"]
[EventDate "2019.01.13"]
[WhiteTeam "Oxford 2"]
[BlackTeam "Iceni 2"]

1. d4 d5 2. Nf3 Nf6 3. c4 e6 4. g3 Be7 5. Bg2 Nbd7 6. O-O O-O 7. Nbd2 b6 8. Qc2
Bb7 9. cxd5 exd5 10. Nb1 Ne4 11. Nc3 f5 12. Nd2 Bf6 13. Ndxe4 dxe4 14. Nb5 c5
15. Qb3+ Kh8 16. Nd6 Ba6 17. dxc5 Nxc5 18. Nf7+ Rxf7 19. Qxf7 Bxe2 20. Re1 Bb5
21. Be3 Nd3 22. Rad1 Qc8 23. b3 Nxe1 24. Rxe1 Qd8 25. h4 Be8 $11 26. Qf8# 1-0

[Event "4NCL 3 South pool B"]
[Site "Bedford, ENG"]
[Date "2019.01.13"]
[Round "4.74"]
[White "Lewis, Stephen"]
[Black "Moyse, Nigel John"]
[Result "1-0"]
[WhiteElo "1967"]
[BlackElo "2044"]
[PlyCount "93"]
[EventDate "2019.01.13"]
[WhiteTeam "Iceni 2"]
[BlackTeam "Oxford 2"]

1. e4 e5 2. d4 Nc6 3. d5 Nb8 4. c4 Nf6 5. Nc3 d6 6. Bd3 g6 7. Bg5 Nbd7 8. f3
Bg7 9. Nge2 h6 10. Be3 O-O 11. Qd2 Kh7 12. O-O-O Nc5 13. Bc2 a5 14. Na4 Nxa4
15. Bxa4 Bd7 16. Bc2 b6 17. a4 Ng8 18. g4 Bf6 19. h4 Bg7 20. Ng3 Qe7 21. Rdg1
Rab8 22. Nf5 gxf5 23. exf5 f6 24. g5 h5 25. gxf6 Nxf6 26. Rg6 Rf7 27. Rhg1 Rg8
28. Bh6 Qf8 29. Bxg7 Rgxg7 30. Qh6+ Kg8 31. R1g5 Be8 32. Kd2 Qe7 33. b3 c6 34.
Be4 c5 35. Ke3 $11 Bd7 36. Bc2 Bc8 37. Bd3 Rxg6 38. Rxg6+ Rg7 39. Rxf6 e4 40.
fxe4 Qe5 41. Rg6 Qd4+ 42. Ke2 Qb2+ 43. Kf3 Qe5 44. Rxg7+ Qxg7 45. Qxg7+ Kxg7
46. Kf4 Kf6 47. Be2 1-0

[Event "4NCL 3 South pool B"]
[Site "Bedford, ENG"]
[Date "2019.01.13"]
[Round "4.75"]
[White "Alizada, Eldar"]
[Black "Szymanski, Mark"]
[Result "1-0"]
[WhiteElo "1958"]
[BlackElo "1848"]
[PlyCount "113"]
[EventDate "2019.01.13"]
[WhiteTeam "Oxford 2"]
[BlackTeam "Iceni 2"]

1. d4 Nf6 2. c4 c5 3. d5 b5 4. cxb5 a6 5. e3 g6 6. Nc3 Bg7 7. Nf3 d6 8. Bd3
axb5 9. Bxb5+ Nfd7 10. O-O O-O 11. e4 Ba6 12. Bxa6 Nxa6 13. Be3 Qb6 14. Qd2
Rfb8 15. Rab1 Qb4 16. Qc2 Rb7 17. Nd2 Rab8 18. a3 Qa5 19. Nc4 Qc7 20. f4 Rb3
21. a4 Qb7 22. Nb5 Rxb5 23. axb5 Qxb5 24. Bd2 Nb4 25. Qb3 Qa6 26. Ra1 Qc8 27.
Bxb4 Rxb4 28. Qc2 Bd4+ 29. Kh1 Qb8 30. Ra4 Kg7 31. Rxb4 Qxb4 32. b3 Nf6 33. h3
Nh5 34. Kh2 Kg8 35. Qd3 f6 36. Qf3 Ng7 37. Kh1 h5 38. Qd3 h4 39. Nd2 Nh5 40.
Kh2 Ng3 41. Rd1 f5 42. exf5 gxf5 43. Nf3 Bf6 44. Qc4 Qb8 45. Rb1 Kh7 46. b4
cxb4 47. Qxb4 Qg8 48. Rd1 Ne4 49. Qe1 Qg7 50. Rd3 Ng3 51. Re3 Kh6 52. Re6 Kh5
53. Qd1 Kg6 54. Nxh4+ Kf7 55. Nf3 Nh5 56. Ng5+ Bxg5 57. Qxh5+ 1-0

[Event "4NCL 3 South pool B"]
[Site "Bedford, ENG"]
[Date "2019.01.13"]
[Round "4.76"]
[White "Lightfoot, Malcolm J"]
[Black "Hayward, Philip"]
[Result "1/2-1/2"]
[WhiteElo "1846"]
[BlackElo "1959"]
[PlyCount "78"]
[EventDate "2019.01.13"]
[WhiteTeam "Iceni 2"]
[BlackTeam "Oxford 2"]

1. e4 e6 2. d4 d5 3. Nd2 Nf6 4. e5 Nfd7 5. Bd3 c5 6. c3 Nc6 7. Ne2 cxd4 8. cxd4
f6 9. exf6 Nxf6 10. Nf3 Bd6 11. O-O Qc7 12. Bg5 O-O 13. Rc1 Bd7 14. Bb1 Ne4 15.
Bh4 Rac8 16. Ng3 Bf4 17. Nxe4 dxe4 18. Nd2 Qb6 19. Bxe4 Qxd4 20. Rc4 Qxb2 21.
Nf3 Ne5 22. Nxe5 Qxe5 23. Rxc8 Bxc8 24. Qb1 h6 25. g3 Bd2 26. Be7 Re8 27. Ba3
Ba5 28. Bxb7 Bxb7 29. Qxb7 Bb6 30. Qf3 Rd8 31. Rd1 Rxd1+ 32. Qxd1 Qc3 33. Bd6
Qb2 34. Qf3 Qb1+ 35. Kg2 Qxa2 36. Qa8+ Kh7 37. Qe4+ Kg8 38. Qa8+ Kh7 39. Qe4+
Kg8 1/2-1/2